| 000 | 01056nas a2200325 4500 | ||
|---|---|---|---|
| 001 | BR0302241 | ||
| 003 | BR-BrBNA | ||
| 005 | 20231205103746.0 | ||
| 007 | ta | ||
| 008 | 230509b bl.|||p| |||| 00| 00por d | ||
| 040 |
_aBR-BrBNA _bpor _cBiblioteca Nacional de Agricultura |
||
| 041 | _a(Pt) | ||
| 072 | _aF61; F08 | ||
| 100 | 1 | _aLeite, J.P. | |
| 100 | 1 | _aReis, O.V. dos | |
| 100 | 1 | _aTabosa, J.N. | |
| 100 | 1 | _aOliveira, L.R. de | |
| 245 | 1 | _aEfeito residuais de N,P e K em podzólio amarelo com sorgo forrageiro (Sorghum bicolor (L.)Moench), sob condições de sequeiro, em rotação com batateira (Solanum tuberosum L.) | |
| 650 | _aSORGO FORRAGEIRO | ||
| 650 | _aBATATA | ||
| 650 | _aEFEITO RESIDUAL | ||
| 650 | _aNPK | ||
| 650 | _aNUTRIENTE MINERAL | ||
| 650 | _aPODZÓLICO | ||
| 650 | _aPRODUTIVIDADE | ||
| 650 | _aROTAÇÃO DE CULTURA | ||
| 773 | 0 |
_tRevista Brasileira de Milho e Sorgo (Brazil) _xISSN 1676-689X _g(Sep-Dec 2002), v 1(3) p. 38-46 _wBR0302241 |
|
| 909 |
_a202311 _bLúcia _c55 _dLúcia Elande |
||
| 942 |
_2AGRIS _n0 _cANA |
||
| 999 |
_c174576 _d174576 |
||